[Event "Richardson UTD op"]
[Site "Richardson"]
[Date "2013.03.12"]
[Round "8"]
[White "Calugar, Arthur"]
[Black "Li, Zhichao"]
[Result "1/2-1/2"]
[WhiteElo "2299"]
[BlackElo "2145"]
[PlyCount "26"]
[EventDate "2013.03.09"]
[EventType "swiss"]
[EventRounds "9"]
[EventCountry "USA"]
[SourceTitle "CBM 153 Extra"]
[Source "ChessBase"]
[SourceDate "2013.04.22"]
[SourceVersion "1"]
[SourceVersionDate "2013.04.22"]
[SourceQuality "1"]

1. Nf3 d5 2. b3 Nf6 3. Bb2 Bg4 4. g3 Nbd7 5. Bg2 e6 6. 0-0 Bd6 7. d3 0-0 8. Nbd2 Qe7 9. e4 Ba3 10. Qc1 Bxb2 11. Qxb2 dxe4 12. dxe4 e5 13. Nc4 Bxf3 1/2-1/2

[Event "Richardson UTD op"]
[Site "Richardson"]
[Date "2013.03.11"]
[Round "6"]
[White "Aleskerov, Faik"]
[Black "Li, Zhichao"]
[Result "0-1"]
[WhiteElo "2409"]
[BlackElo "2145"]
[PlyCount "98"]
[EventDate "2013.03.09"]
[EventType "swiss"]
[EventRounds "9"]
[EventCountry "USA"]
[SourceTitle "CBM 153 Extra"]
[Source "ChessBase"]
[SourceDate "2013.04.22"]
[SourceVersion "1"]
[SourceVersionDate "2013.04.22"]
[SourceQuality "1"]

1. e4 c6 2. c4 d5 3. cxd5 cxd5 4. exd5 Nf6 5. Bb5+ Nbd7 6. Nc3 g6 7. Nf3 Bg7 8. 0-0 0-0 9. Bxd7 Nxd7 10. Re1 Nb6 11. Qb3 e6 12. dxe6 Bxe6 13. Qd1 Rc8 14. d4 Bg4 15. h3 Bxf3 16. Qxf3 Rc6 17. d5 Bxc3 18. Rd1 Rd6 19. bxc3 Rxd5 20. Bh6 Re8 21. a4 Rxd1+ 22. Rxd1 Qe7 23. a5 Nc4 24. Qd5 Qh4 25. Bg5 Qe4 26. Qxe4 Rxe4 27. Bf6 Kf8 28. Rd5 Re6 29. Bd4 a6 30. f4 Ke8 31. Kf2 Rd6 32. Rc5 Rc6 33. Rg5 h6 34. Rg3 Nxa5 35. f5 Nc4 36. fxg6 Rxg6 37. Rf3 a5 38. Bc5 a4 39. Rf4 b5 40. Re4+ Re6 41. Rg4 Rf6+ 42. Kg1 Ra6 43. Rg8+ Kd7 44. Rf8 Ke6 45. Rh8 Kd5 46. Bb4 a3 47. Rd8+ Ke4 48. Re8+ Kf5 49. g4+ Kf4 0-1

[Event "Canadian op"]
[Site "Edmonton"]
[Date "2009.07.15"]
[Round "5.26"]
[White "Li, Zhichao"]
[Black "Wang, Richard"]
[Result "1/2-1/2"]
[WhiteElo "2183"]
[BlackElo "2068"]
[PlyCount "77"]
[EventDate "2009.07.11"]
[EventType "swiss"]
[EventRounds "9"]
[EventCountry "CAN"]
[SourceTitle "EXT 2022"]
[Source "ChessBase"]
[SourceDate "2021.10.06"]
[SourceVersion "1"]
[SourceVersionDate "2021.10.06"]
[SourceQuality "1"]

1. d4 d5 2. c4 e6 3. Nf3 c6 4. Nc3 Nf6 5. e3 Nbd7 6. Bd3 dxc4 7. Bxc4 b5 8. Bd3 Bb7 9. 0-0 a6 10. e4 c5 11. d5 c4 12. Bc2 e5 13. Ne2 Bc5 14. Ng3 Qb6 15. Nh4 g6 16. Bh6 Bd4 17. Rb1 0-0-0 18. Nf3 Ng4 19. Nxd4 Nxh6 20. Nf3 f6 21. Qd2 Nf7 22. b3 cxb3 23. Rxb3 Nc5 24. Rb2 Nd6 25. Qc3 Kb8 26. Nd2 Rc8 27. Qf3 Rhf8 28. Qe2 Qa5 29. Nb3 Qa3 30. Nxc5 Qxb2 31. Nd7+ Ka8 32. Bd3 Qxe2 33. Nxe2 Rfd8 34. Nb6+ Ka7 35. Nxc8+ Rxc8 36. f4 Nc4 37. fxe5 Nxe5 38. Bb1 f5 39. exf5 1/2-1/2

[Event "Battle of Alberta"]
[Site "Red Deer"]
[Date "2008.09.20"]
[Round "2"]
[White "Haessel, Dale R"]
[Black "Li, Zhichao"]
[Result "0-1"]
[WhiteElo "2300"]
[BlackElo "2261"]
[PlyCount "82"]
[EventDate "2008.09.20"]
[EventType "team-match"]
[EventRounds "2"]
[EventCountry "CAN"]
[SourceTitle "EXT 2011"]
[Source "ChessBase"]
[SourceDate "2010.11.26"]
[SourceVersion "1"]
[SourceVersionDate "2010.11.26"]
[SourceQuality "1"]

1. Nf3 Nf6 2. g3 b6 3. Bg2 Bb7 4. 0-0 c5 5. c4 e6 6. Nc3 Be7 7. a3 0-0 8. Rb1 Nc6 9. e4 Rc8 10. d3 Ng4 11. h3 Nge5 12. Nxe5 Nxe5 13. b4 Nc6 14. Qa4 d6 15. Be3 Bf6 16. Ne2 Qc7 17. f4 Nd4 18. Rfe1 Bc6 19. Qd1 Qd7 20. Nxd4 Bxd4 21. Qd2 Bxe3+ 22. Qxe3 Rfd8 23. Rbc1 Ba8 24. d4 Qa4 25. bxc5 bxc5 26. d5 Rb8 27. Red1 Rb2 28. Rd3 exd5 29. cxd5 Bb7 30. Bf3 Ba6 31. Rdc3 f6 32. e5 fxe5 33. fxe5 dxe5 34. Qxe5 Qd4+ 35. Qxd4 cxd4 36. Rc7 d3 37. Rxa7 d2 38. Rcc7 Bd3 39. Rxg7+ Kh8 40. Rgb7 Ra2 41. d6 Be4 0-1

[Event "Edmonton 2nd"]
[Site "Edmonton"]
[Date "2007.08.04"]
[Round "5"]
[White "Donaldson, John W"]
[Black "Li, Zhichao"]
[Result "1-0"]
[WhiteElo "2413"]
[BlackElo "2143"]
[PlyCount "55"]
[EventDate "2007.08.02"]
[EventType "tourn"]
[EventRounds "9"]
[EventCountry "CAN"]
[EventCategory "4"]
[SourceTitle "CBM 119 Extra"]
[Source "ChessBase"]
[SourceDate "2007.09.04"]
[SourceVersion "1"]
[SourceVersionDate "2007.09.04"]
[SourceQuality "1"]

1. Nf3 d5 2. g3 Nf6 3. Bg2 c6 4. c4 Bf5 5. cxd5 cxd5 6. Qb3 Qc8 7. Nc3 e6 8. 0-0 Nc6 9. d3 Be7 10. Bf4 0-0 11. Rac1 Qd7 12. e4 dxe4 13. dxe4 Nxe4 14. Nxe4 Bxe4 15. Ne5 Nxe5 16. Bxe4 Nc6 17. Rfd1 Qc8 18. Qa4 Rd8 19. Rxd8+ Qxd8 20. Bxc6 bxc6 21. Qxc6 a5 22. b3 Ba3 23. Rc4 Qd1+ 24. Kg2 Rd8 25. Bg5 Rd7 26. Qa8+ Bf8 27. Qxf8+ Kxf8 28. Rc8+ 1-0

[Event "Edmonton 2nd"]
[Site "Edmonton"]
[Date "2007.08.04"]
[Round "4"]
[White "Li, Zhichao"]
[Black "Khachiyan, Melikset"]
[Result "0-1"]
[WhiteElo "2143"]
[BlackElo "2490"]
[PlyCount "100"]
[EventDate "2007.08.02"]
[EventType "tourn"]
[EventRounds "9"]
[EventCountry "CAN"]
[EventCategory "4"]
[SourceTitle "CBM 119 Extra"]
[Source "ChessBase"]
[SourceDate "2007.09.04"]
[SourceVersion "1"]
[SourceVersionDate "2007.09.04"]
[SourceQuality "1"]

1. d4 Nf6 2. c4 c6 3. Nf3 d5 4. e3 g6 5. Nc3 Bg7 6. Bd3 0-0 7. 0-0 Bf5 8. Bxf5 gxf5 9. Qb3 Qb6 10. Qxb6 axb6 11. cxd5 Nxd5 12. Nxd5 cxd5 13. Bd2 Nc6 14. Rfc1 Ra4 15. Kf1 Rfa8 16. a3 e6 17. Bc3 b5 18. Rab1 Bf8 19. Ne1 f6 20. Nd3 Kf7 21. Ke2 Bd6 22. Bd2 Rc4 23. g3 e5 24. dxe5 fxe5 25. Bb4 Nxb4 26. Nxb4 Bxb4 27. axb4 Ra2 28. Kf3 Ke6 29. Rc3 Rxb4 30. b3 e4+ 31. Kg2 d4 32. exd4 Rxd4 33. Kg1 Rdd2 34. Rf1 Rdc2 35. Rxc2 Rxc2 36. Ra1 Kd5 37. Ra8 Kd4 38. Rf8 Rc5 39. Rh8 Rc7 40. Rf8 Kc3 41. b4 Kxb4 42. Rxf5 Ka4 43. Re5 b4 44. Rxe4 Ka3 45. f4 b3 46. Re5 b2 47. Rb5 Rc4 48. Rxb2 Kxb2 49. f5 Kc3 50. f6 Rc6 0-1

[Event "Battle of Alberta"]
[Site "Red Deer"]
[Date "2006.07.08"]
[Round "1"]
[White "Li, Zhichao"]
[Black "Haessel, Dale R"]
[Result "1-0"]
[WhiteElo "2219"]
[BlackElo "2200"]
[PlyCount "95"]
[EventDate "2006.07.08"]
[EventType "team"]
[EventRounds "2"]
[EventCountry "CAN"]
[SourceTitle "CBM 113 Extra"]
[Source "ChessBase"]
[SourceDate "2006.09.14"]
[SourceVersion "1"]
[SourceVersionDate "2006.09.14"]
[SourceQuality "1"]

1. d4 Nf6 2. c4 g6 3. Nc3 d5 4. cxd5 Nxd5 5. e4 Nxc3 6. bxc3 Bg7 7. Nf3 c5 8. Be3 Qa5 9. Qd2 0-0 10. Rc1 cxd4 11. cxd4 Qxd2+ 12. Nxd2 f5 13. e5 Be6 14. Bc4 Bxc4 15. Nxc4 Nc6 16. f4 Rfd8 17. Kf2 Nxd4 18. Na5 b6 19. Rhd1 Nb5 20. Rxd8+ Rxd8 21. Nc6 Rd7 22. a4 Na3 23. Nd4 h6 24. Rc8+ Kh7 25. Ke2 b5 26. axb5 Rd5 27. Rb8 g5 28. g3 gxf4 29. gxf4 Nc4 30. Nc6 Nxe3 31. Kxe3 Rd1 32. Nxa7 Re1+ 33. Kf2 Re4 34. Kf3 h5 35. Re8 Bh6 36. b6 Rxf4+ 37. Kg2 Rg4+ 38. Kh3 Be3 39. Rxe7+ Kg6 40. Nc8 Rb4 41. b7 Rb2 42. Re6+ Kg5 43. Rb6 Bxb6 44. b8Q Bd4 45. Qd6 Bg1 46. e6 Bxh2 47. Qd8+ Kg6 48. Qg8+ 1-0

[Event "Edmonton June Sect-B"]
[Site "Edmonton"]
[Date "2006.06.25"]
[Round "4"]
[White "Li, Zhichao"]
[Black "Hughey, Micah"]
[Result "1-0"]
[WhiteElo "2114"]
[BlackElo "2056"]
[PlyCount "55"]
[EventDate "2006.06.23"]
[EventType "tourn"]
[EventRounds "5"]
[EventCountry "CAN"]
[SourceTitle "CBM 113 Extra"]
[Source "ChessBase"]
[SourceDate "2006.09.14"]
[SourceVersion "1"]
[SourceVersionDate "2006.09.14"]
[SourceQuality "1"]

1. d4 d5 2. Nf3 c5 3. c3 e6 4. a3 cxd4 5. cxd4 Nf6 6. Nc3 Be7 7. Bg5 h6 8. Bxf6 Bxf6 9. e3 0-0 10. Be2 b6 11. Qa4 a5 12. 0-0 Ba6 13. Rfc1 Bxe2 14. Nxe2 Na6 15. Rc6 Qd7 16. Qb5 Rfb8 17. Rac1 Kh7 18. Nf4 Rb7 19. Nd3 g6 20. Nde5 Qe8 21. Qd3 Raa7 22. R1c3 Kg7 23. Rc8 Qa4 24. Nc6 Nb4 25. axb4 Qa1+ 26. Qf1 Qxf1+ 27. Kxf1 axb4 28. Nxb4 1-0

[Event "Edmonton CC op"]
[Site "Edmonton"]
[Date "2006.01.20"]
[Round "2"]
[White "Frialde, Arniel"]
[Black "Li, Zhichao"]
[Result "0-1"]
[WhiteElo "2200"]
[BlackElo "2203"]
[PlyCount "102"]
[EventDate "2006.01.12"]
[EventType "swiss"]
[EventRounds "4"]
[EventCountry "CAN"]
[SourceTitle "EXT 2007"]
[Source "ChessBase"]
[SourceDate "2006.11.23"]
[SourceVersion "1"]
[SourceVersionDate "2006.11.23"]
[SourceQuality "1"]

1. d4 d5 2. Nf3 Nf6 3. Bg5 Ne4 4. Bf4 c5 5. e3 Nc6 6. c3 Bg4 7. Qb3 Qb6 8. Bb5 Bd7 9. 0-0 e6 10. Nbd2 Nxd2 11. Nxd2 c4 12. Qa4 a6 13. Bxc6 Qxc6 14. Qc2 Be7 15. f3 Qa4 16. Qb1 0-0 17. e4 Rfe8 18. Re1 Bf8 19. Nf1 f6 20. e5 f5 21. g4 fxg4 22. fxg4 Reb8 23. h4 Be7 24. Re2 Rf8 25. Bg3 Rf3 26. Kg2 Raf8 27. Ne3 R3f7 28. Qe1 Qa5 29. Nf5 exf5 30. e6 Bxe6 31. Rxe6 f4 32. Rxe7 fxg3 33. Qe6 Qa4 34. b3 Qc6 35. Qxc6 Rf2+ 36. Kg1 bxc6 37. bxc4 dxc4 38. Rae1 R2f4 39. R7e4 Rxe4 40. Rxe4 Rf3 41. Kg2 Rxc3 42. Re6 Rd3 43. Rxc6 Rxd4 44. Kxg3 a5 45. a4 Kf7 46. Rc5 Ke6 47. Rxa5 Rd5 48. Rxd5 Kxd5 49. Kf4 Kc5 50. Ke3 Kb4 51. Kd4 c3 0-1

[Event "Edmonton Octob op"]
[Site "Edmonton"]
[Date "2005.10.29"]
[Round "2"]
[White "Gentes, Kevin"]
[Black "Li, Zhichao"]
[Result "1-0"]
[WhiteElo "2323"]
[BlackElo "2198"]
[PlyCount "57"]
[EventDate "2005.10.28"]
[EventType "swiss"]
[EventRounds "5"]
[EventCountry "CAN"]
[SourceTitle "EXT 2008"]
[Source "ChessBase"]
[SourceDate "2007.11.25"]
[SourceVersion "1"]
[SourceVersionDate "2007.11.25"]
[SourceQuality "1"]

1. d4 d5 2. c4 c6 3. Nf3 Nf6 4. Nc3 dxc4 5. a4 Bf5 6. Nh4 e6 7. Nxf5 exf5 8. e3 a5 9. Bxc4 Qd7 10. 0-0 Be7 11. Qf3 0-0 12. Rd1 g6 13. e4 Nxe4 14. Nxe4 fxe4 15. Qxe4 Bf6 16. Bh6 Rd8 17. Ra3 Bg7 18. Qh4 Qd6 19. Rh3 Bxd4 20. Be3 Qf6 21. Rxd4 Qxh4 22. Rhxh4 Na6 23. Rxd8+ Rxd8 24. Rd4 Rxd4 25. Bxd4 Nb8 26. Bb6 Nd7 27. Bxa5 Kf8 28. Bb4+ c5 29. Bb5 1-0

[Event "Canadian op"]
[Site "Edmonton"]
[Date "2005.07.12"]
[Round "5"]
[White "Li, Zhichao"]
[Black "Rivas Cabrera, Edgar"]
[Result "1-0"]
[WhiteElo "2238"]
[BlackElo "1764"]
[PlyCount "83"]
[EventDate "2005.07.09"]
[EventType "swiss"]
[EventRounds "10"]
[EventCountry "CAN"]
[SourceTitle "CBM 107 Extra"]
[Source "ChessBase"]
[SourceDate "2005.09.01"]
[SourceVersion "1"]
[SourceVersionDate "2005.09.01"]
[SourceQuality "1"]

1. e4 c6 2. d4 d5 3. e5 Bf5 4. Nc3 e6 5. g4 Bg6 6. Nge2 h6 7. Nf4 Bh7 8. Bd3 Bxd3 9. Qxd3 Nd7 10. g5 Qxg5 11. Be3 Qe7 12. 0-0-0 Nb6 13. Rdg1 Qd7 14. h4 h5 15. Nfe2 Ne7 16. Bg5 Nf5 17. Ng3 Nxg3 18. Rxg3 Rg8 19. Qh7 f6 20. Qxg8 fxg5 21. Rf3 Qe7 22. hxg5 Qxg5+ 23. Kb1 Qe7 24. Rxh5 0-0-0 25. Rf7 Qe8 26. Rh8 Nd7 27. a3 a6 28. Rxg7 Bxg7 29. Qxe8 Bxh8 30. Qxe6 Rf8 31. f4 Kd8 32. Qd6 Kc8 33. Qh6 Re8 34. Qg6 Kd8 35. Nd1 Rf8 36. Qh6 Re8 37. Nf2 Rg8 38. Nd3 Kc8 39. Qe6 Rd8 40. Qe7 Rg8 41. f5 Rd8 42. f6 1-0

[Event "Canadian op"]
[Site "Edmonton"]
[Date "2005.07.10"]
[Round "3"]
[White "Li, Zhichao"]
[Black "Bluvshtein, Mark"]
[Result "0-1"]
[WhiteElo "2238"]
[BlackElo "2529"]
[PlyCount "112"]
[EventDate "2005.07.09"]
[EventType "swiss"]
[EventRounds "10"]
[EventCountry "CAN"]
[SourceTitle "CBM 107 Extra"]
[Source "ChessBase"]
[SourceDate "2005.09.01"]
[SourceVersion "1"]
[SourceVersionDate "2005.09.01"]
[SourceQuality "1"]

1. d4 Nf6 2. Nf3 e6 3. c3 c5 4. Bf4 Nc6 5. e3 d5 6. Nbd2 Bd6 7. Bxd6 Qxd6 8. Bd3 0-0 9. 0-0 e5 10. dxe5 Nxe5 11. Nxe5 Qxe5 12. Qf3 b6 13. Rfe1 Re8 14. Qg3 Qxg3 15. hxg3 Bb7 16. b4 Rac8 17. Rec1 Kf8 18. a4 Ne4 19. Nxe4 dxe4 20. Be2 Red8 21. Kf1 Bd5 22. Ke1 Bb3 23. Ra3 c4 24. a5 b5 25. Bd1 Bxd1 26. Rxd1 Rd3 27. Ke2 Rcd8 28. Raa1 Ke7 29. Rac1 Ke6 30. Ke1 a6 31. Ke2 R8d5 32. Ke1 h5 33. Ke2 Kf5 34. Ke1 Kg4 35. Ke2 g5 36. Ke1 f6 37. Ke2 f5 38. Rxd3 exd3+ 39. Kd2 Re5 40. Rh1 f4 41. gxf4 gxf4 42. f3+ Kg3 43. exf4 Kxf4 44. g4 hxg4 45. fxg4 Re2+ 46. Kd1 Rc2 47. Rh6 Rxc3 48. Rxa6 Ra3 49. Rd6 Ke3 50. Re6+ Kd4 51. Ke1 Ra1+ 52. Kf2 d2 53. Rd6+ Kc3 54. a6 d1Q 55. Rxd1 Rxd1 56. a7 Ra1 0-1

[Event "Canadian op"]
[Site "Edmonton"]
[Date "2005.07.10"]
[Round "2"]
[White "Milne, Arthur"]
[Black "Li, Zhichao"]
[Result "0-1"]
[WhiteElo "1876"]
[BlackElo "2238"]
[PlyCount "80"]
[EventDate "2005.07.09"]
[EventType "swiss"]
[EventRounds "10"]
[EventCountry "CAN"]
[SourceTitle "CBM 107 Extra"]
[Source "ChessBase"]
[SourceDate "2005.09.01"]
[SourceVersion "1"]
[SourceVersionDate "2005.09.01"]
[SourceQuality "1"]

1. Nf3 d5 2. c4 e6 3. g3 Nf6 4. Bg2 Be7 5. 0-0 0-0 6. b3 c5 7. d3 Nc6 8. Bb2 d4 9. Na3 e5 10. Bc1 h6 11. Nc2 Bf5 12. Bd2 Re8 13. a3 e4 14. Nfe1 Qd7 15. b4 Bh3 16. Rb1 Bxg2 17. Kxg2 Ne5 18. bxc5 Bxc5 19. Rb5 Qc6 20. Kg1 a6 21. Rb3 Qd7 22. Ng2 Nh5 23. Nf4 Nxf4 24. Bxf4 Qh3 25. f3 exd3 26. exd3 b6 27. Nb4 Ng6 28. Nd5 Re6 29. Bc7 Rae8 30. Rb2 b5 31. f4 f5 32. Ba5 Bxa3 33. Ra2 Bd6 34. Re1 bxc4 35. dxc4 Bc5 36. Rxe6 Rxe6 37. Qd3 Ne7 38. Bd2 Qg4 39. Bc1 Nxd5 40. cxd5 Re1+ 0-1

[Event "Edmonton Closed"]
[Site "Edmonton"]
[Date "2005.02.10"]
[Round "3"]
[White "Haynes, Nicolas"]
[Black "Li, Zhichao"]
[Result "0-1"]
[WhiteElo "2050"]
[BlackElo "2210"]
[PlyCount "76"]
[EventDate "2005.01.06"]
[EventType "k.o."]
[EventRounds "4"]
[EventCountry "CAN"]
[SourceTitle "EXT 2008"]
[Source "ChessBase"]
[SourceDate "2007.11.25"]
[SourceVersion "1"]
[SourceVersionDate "2007.11.25"]
[SourceQuality "1"]

1. Nf3 d5 2. c4 c6 3. g3 Nf6 4. Bg2 Bf5 5. b3 Nbd7 6. Bb2 Qc7 7. 0-0 e5 8. d3 Be7 9. Nh4 Be6 10. Nd2 Rc8 11. e4 dxe4 12. dxe4 0-0 13. Nf5 Bc5 14. a3 Rfd8 15. b4 Bf8 16. Ne3 Ne8 17. Kh1 f6 18. Qe2 a5 19. Bc3 axb4 20. axb4 Ra8 21. Rab1 Ra2 22. Rfc1 Nb6 23. Rc2 Na4 24. Ba1 Rxc2 25. Nxc2 Qd7 26. Nb3 b5 27. Ne3 bxc4 28. Nxc4 Rb8 29. Nbd2 Rxb4 30. Rxb4 Bxb4 31. Bf1 Nd6 32. Nxd6 Qxd6 33. Nf3 h6 34. Qc2 Nb6 35. Kg2 c5 36. Nh4 Qd2 37. Bd3 Qxc2 38. Bxc2 Kf7 0-1

[Event "Battle of Alberta"]
[Site "Red Deer"]
[Date "2004.08.07"]
[Round "1"]
[White "Li, Zhichao"]
[Black "Yam, Alex"]
[Result "1/2-1/2"]
[WhiteElo "2218"]
[BlackElo "2103"]
[PlyCount "88"]
[EventDate "2004.08.07"]
[EventType "team"]
[EventRounds "2"]
[EventCountry "CAN"]
[SourceTitle "EXT 2006"]
[Source "ChessBase"]
[SourceDate "2005.11.24"]
[SourceVersion "1"]
[SourceVersionDate "2005.11.24"]
[SourceQuality "1"]

1. d4 Nf6 2. Nf3 b6 3. Bf4 Bb7 4. e3 e6 5. Nbd2 c5 6. Bd3 Nc6 7. c3 d5 8. h3 Bd6 9. Bxd6 Qxd6 10. 0-0 0-0 11. Qe2 e5 12. dxe5 Nxe5 13. Nxe5 Qxe5 14. Nf3 Qc7 15. Ba6 Bc6 16. Bb5 Bb7 17. Ba6 Rfe8 18. Bxb7 Qxb7 19. Rfd1 Rad8 20. b4 Ne4 21. Qb2 Qc7 22. a4 Nf6 23. a5 Ra8 24. Qa3 Rab8 25. Rab1 h6 26. Ne1 Red8 27. bxc5 bxc5 28. Nd3 c4 29. Rxb8 Qxb8 30. Nb4 Qb5 31. a6 Ne4 32. Qc1 Nc5 33. e4 Nxe4 34. Qe3 Qc5 35. Rd4 Nf6 36. Qf3 Rd6 37. Qf5 g6 38. Qf3 Kg7 39. g3 Rd7 40. Kg2 Rd6 41. Qf4 Re6 42. Qf3 Rd6 43. Qf4 Re6 44. Qf3 Rd6 1/2-1/2

[Event "Battle of Alberta"]
[Site "Red Deer"]
[Date "2004.08.07"]
[Round "2"]
[White "Yam, Alex"]
[Black "Li, Zhichao"]
[Result "0-1"]
[WhiteElo "2103"]
[BlackElo "2218"]
[PlyCount "132"]
[EventDate "2004.08.07"]
[EventType "team"]
[EventRounds "2"]
[EventCountry "CAN"]
[SourceTitle "EXT 2006"]
[Source "ChessBase"]
[SourceDate "2005.11.24"]
[SourceVersion "1"]
[SourceVersionDate "2005.11.24"]
[SourceQuality "1"]

1. e4 c6 2. d4 d5 3. exd5 cxd5 4. c4 Nf6 5. Nc3 e6 6. Nf3 Bb4 7. Bd3 0-0 8. 0-0 dxc4 9. Bxc4 b6 10. Qb3 Bxc3 11. Qxc3 Bb7 12. Bg5 Nbd7 13. Qe3 h6 14. Bh4 Qc7 15. Rac1 Ng4 16. Bxe6 Nxe3 17. Rxc7 Nxf1 18. Rxb7 fxe6 19. Rxd7 g5 20. Kxf1 gxh4 21. Nxh4 Rf7 22. Rd6 Re8 23. Nf3 Rc7 24. Ne1 Kf7 25. d5 Rc5 26. dxe6+ Ke7 27. Rd7+ Kxe6 28. Rxa7 Rc1 29. Ra3 Kd5 30. Re3 Rxe3 31. fxe3 Ra1 32. Ke2 Rxa2 33. Nd3 Ra1 34. h3 Rh1 35. Ne1 Kc4 36. Kf2 b5 37. Ke2 b4 38. Kf2 Kb3 39. Nd3 Ra1 40. g4 Ra8 41. h4 Rb8 42. Kf3 Kc2 43. Ke2 b3 44. Nc5 Kxb2 45. Kf3 Kc2 46. Nxb3 Kxb3 47. g5 h5 48. Kf4 Kc4 49. g6 Kd5 50. Kg5 Ke6 51. e4 Rb4 52. Kxh5 Kf6 53. e5+ Kg7 54. Kg5 Re4 55. Kf5 Rxh4 56. Ke6 Kxg6 57. Kd5 Kf7 58. Kd6 Ke8 59. Ke6 Rh6+ 60. Kf5 Ke7 61. Kg5 Rh1 62. Kf5 Rf1+ 63. Ke4 Ke6 64. Kd4 Re1 65. Kd3 Kxe5 66. Kc4 Rd1 0-1

[Event "Edmonton June-B"]
[Site "Edmonton"]
[Date "2004.06.06"]
[Round "4"]
[White "Li, Zhichao"]
[Black "Veneracion, Paolo"]
[Result "0-1"]
[WhiteElo "2248"]
[BlackElo "2125"]
[PlyCount "116"]
[EventDate "2004.06.??"]
[EventType "tourn"]
[EventRounds "5"]
[EventCountry "CAN"]
[SourceTitle "EXT 2006"]
[Source "ChessBase"]
[SourceDate "2005.11.24"]
[SourceVersion "1"]
[SourceVersionDate "2005.11.24"]
[SourceQuality "1"]

1. Nf3 c5 2. g3 g6 3. Bg2 Bg7 4. 0-0 d5 5. d4 cxd4 6. Nxd4 e5 7. Nb3 Ne7 8. e4 d4 9. c3 0-0 10. f4 Nbc6 11. fxe5 Bxe5 12. Bh6 Qb6 13. c4 Rd8 14. N1d2 Be6 15. Rc1 d3+ 16. Kh1 Bxb2 17. Rb1 Bh8 18. a4 Ne5 19. Nf3 Nxc4 20. Nbd4 Nb2 21. Rxb2 Qxb2 22. Nxe6 fxe6 23. Bh3 Bg7 24. Bxe6+ Kh8 25. Bc1 Qe2 26. Ng5 Rf8 27. Nf7+ Rxf7 28. Bxf7 Rf8 29. Ba3 Rxf7 30. Re1 Qa2 31. Bc5 Qc2 32. Bxa7 Qxd1 33. Rxd1 Nc6 34. Bc5 Rd7 35. Kg2 d2 36. Kf1 Bc3 37. Ke2 Ne5 38. Rf1 Nc4 39. e5 Nxe5 40. Be3 Kg7 41. Rb1 Nc4 42. Bxd2 Rxd2+ 43. Kf3 Ne5+ 44. Ke4 Rd4+ 45. Ke3 Ng4+ 46. Kf3 Nxh2+ 47. Kg2 Rd2+ 48. Kh3 Bb2 49. Re1 h5 50. g4 hxg4+ 51. Kg3 Kf6 52. Kf4 Be5+ 53. Ke3 Bc3 54. Rc1 Rg2 55. Rb1 Rb2 56. Rd1 g3 57. a5 g2 58. a6 Nf1+ 0-1

[Event "Edmonton June-B"]
[Site "Edmonton"]
[Date "2004.06.05"]
[Round "3"]
[White "Li, Zhichao"]
[Black "Yam, Alex"]
[Result "0-1"]
[WhiteElo "2248"]
[BlackElo "2119"]
[PlyCount "140"]
[EventDate "2004.06.??"]
[EventType "tourn"]
[EventRounds "5"]
[EventCountry "CAN"]
[SourceTitle "EXT 2006"]
[Source "ChessBase"]
[SourceDate "2005.11.24"]
[SourceVersion "1"]
[SourceVersionDate "2005.11.24"]
[SourceQuality "1"]

1. d4 d5 2. Nf3 Nf6 3. g3 Bf5 4. Nh4 Bc8 5. Bg2 e6 6. 0-0 Bd6 7. c4 c6 8. Bf4 Ne4 9. Bxd6 Qxd6 10. c5 Qc7 11. Nd2 f5 12. f4 g5 13. fxg5 Nxg5 14. e4 dxe4 15. Qh5+ Nf7 16. Bxe4 0-0 17. Rf4 Nh8 18. Raf1 Qf7 19. Qd1 Ng6 20. Nxg6 hxg6 21. Nc4 Nd7 22. Ne5 Qg7 23. Nxd7 Bxd7 24. Bg2 Rad8 25. Qa4 a6 26. Qb4 Bc8 27. h4 Rf7 28. Re1 g5 29. hxg5 Qxg5 30. Qc3 Rg7 31. Kf2 Kf7 32. Rh4 Rdg8 33. Re3 Qf6 34. Qa5 Ke8 35. Qe1 Rxg3 36. Rxg3 Qxh4 37. Kf3 Rg5 38. Qe5 Rxg3+ 39. Qxg3 Qe4+ 40. Kf2 Qxd4+ 41. Kf1 Qxc5 42. Qc7 Qc1+ 43. Ke2 Qxb2+ 44. Kd3 Bd7 45. Qb8+ Ke7 46. Qh2 Qa3+ 47. Kc2 Qxa2+ 48. Kc3 Qa3+ 49. Kc2 Qd6 50. Qh4+ Ke8 51. Bf3 Qe7 52. Qh8+ Qf8 53. Bh5+ Ke7 54. Qb2 Qh6 55. Be2 Qe3 56. Qg7+ Kd6 57. Bd3 e5 58. Qg8 Kc7 59. Qf8 e4 60. Bc4 b6 61. Qa8 b5 62. Bb3 b4 63. Kb2 Qd2+ 64. Ka1 Qc1+ 65. Ka2 Qa3+ 66. Kb1 Qxb3+ 67. Ka1 Qe3 68. Qg8 f4 69. Qg5 Qc1+ 70. Ka2 Be6+ 0-1